000 00875nam0a22002531 4500
001 rc\260524
005 20250621025002.0
010 _a5-7561-0574-3
_91000
035 _a(NLR Aleph) 005533540
090 _a5634823
_c5634823
100 _a20030307d1990 |||y0rusy50 ca
101 0 _arus
102 _aRU
105 _ay |||||||||
200 1 _aАдыгейский областной Совет народных депутатов в цифрах, 1922-1987 гг.
_f[Тлехас М.С. и др.]
210 _aМайкоп
_cКраснодар. кн. изд-во. Адыг. отд-ние
_d1990
215 _a190 с.
_d21
320 _aБиблиогр. в примеч.: с. 182
702 1 _aТлехас
_bМ.С.
_gМугдин Салихович
_4220
801 0 _aRU
_bNLR
_gpsbo
801 1 _aRU
_bELAR
_2rusmarc
852 _aNLR
_j90-3/11390
942 _cBOOK
980 _aNB